Muhammad Ali : (Record no. 5547)

MARC details
000 -LEADER
fixed length control field 00917cam a2200289 a 4500
001 - CONTROL NUMBER
control field 5547
003 - CONTROL NUMBER IDENTIFIER
control field FISKH
005 - DATE AND TIME OF LATEST TRANSACTION
control field 20241217122541.0
008 - FIXED-LENGTH DATA ELEMENTS--GENERAL INFORMATION
fixed length control field 090611s2010 nyua j b 001 0beng
010 ## - LIBRARY OF CONGRESS CONTROL NUMBER
LC control number 2009024238
020 ## - INTERNATIONAL STANDARD BOOK NUMBER
International Standard Book Number 9781402771521 (hardcover)
020 ## - INTERNATIONAL STANDARD BOOK NUMBER
International Standard Book Number 9781402763649 (pbk.)
040 ## - CATALOGING SOURCE
Original cataloging agency DLC
Transcribing agency DLC
Modifying agency DLC
Language of cataloging eng
050 ## - LIBRARY OF CONGRESS CALL NUMBER
Classification number GV1132.A4
082 ## - DEWEY DECIMAL CLASSIFICATION NUMBER
Classification number 796.83092
100 1# - MAIN ENTRY--PERSONAL NAME
Personal name Timblin, Stephen.
245 10 - TITLE STATEMENT
Title Muhammad Ali :
Remainder of title king of the ring /
Statement of responsibility, etc. Stephen Timblin.
260 ## - PUBLICATION, DISTRIBUTION, ETC.
Place of publication, distribution, etc. New York :
Name of publisher, distributor, etc. Sterling,
Date of publication, distribution, etc. 2010.
300 ## - PHYSICAL DESCRIPTION
Extent 124 pages :
Other physical details color illustration ;
Dimensions 20 cm
490 0# - SERIES STATEMENT
Series statement Sterling biographies
520 ## - SUMMARY, ETC.
Summary, etc. A biography of famous boxer Muhammad Ali.
600 10 - SUBJECT ADDED ENTRY--PERSONAL NAME
Personal name Ali, Muhammad,
Dates associated with a name 1942-2016
Form subdivision Juvenile literature.
650 #0 - SUBJECT ADDED ENTRY--TOPICAL TERM
Topical term or geographic name entry element Boxers (Sports)
Geographic subdivision United States
Form subdivision Biography
-- Juvenile literature.
906 ## - LOCAL DATA ELEMENT F, LDF (RLIN)
a 7
b cbc
c orignew
d 1
e ecip
f 20
g y-gencatlg
942 ## - ADDED ENTRY ELEMENTS (KOHA)
Source of classification or shelving scheme Dewey Decimal Classification
Koha item type Books
Suppress in OPAC No
Holdings
Withdrawn status Lost status Source of classification or shelving scheme Damaged status Not for loan Collection Home library Current library Shelving location Date acquired Total Checkouts Full call number Barcode Date last seen Price effective from Koha item type
    Dewey Decimal Classification     Non-Fiction Footprints International School Library Network Toul Kork Campus Footprints International School Library Network Toul Kork Campus TTP Secondary Non-Fiction Bookshelves 12/17/2024   TIM 796.83092 GV1132.A4 FISSE02392 12/17/2024 12/17/2024 Books